000 00694nam a2200289Ia 4500
005 20260324115719.0
008 008 260324s9999 xx 000 0 eng d
020 _a9781315779591
037 _aEBOOK
040 _aCRL
040 _beng
040 _cCRL
041 _2eng
041 _aeng
084 _qCRL
100 _aJasmine Katatikarn; Michael Tanzillo
_91155727
245 0 _aLighting for Animation
245 4 _bThe Art of Visual Storytelling
260 _bTaylor and Francis
260 _c2016
365 _a
365 _b275
856 _uhttp://www.taylorfrancis.com/books/9781315779591
942 _cEBOOK
999 _c1746799
_d1746799